00533nam a2200157Ia 450000500170000000800410001704100080005808200150006610000250008124500460010626000380015230000090019065000220019999900190022195201350024020250729165332.0250729s2005 xx 000 0 und d aeng a370.1 AGGT aAggarwal J C9221170 aTeachning of Hisory :A Practical Approach aNew DelhibVikas Publishingc2005 a461p aEducation9221171 c234886d234886 001040708BEDaALbALd2025-07-29eSita Book Houseg135.00l0o370.1 AGGTpBED00205r2025-07-29 16:53:32v135.00w2025-07-29yBK